<?xml version="1.0" encoding="UTF-8"?>
<record
    xmlns:xsi="http://www.w3.org/2001/XMLSchema-instance"
    xsi:schemaLocation="http://www.loc.gov/MARC21/slim http://www.loc.gov/standards/marcxml/schema/MARC21slim.xsd"
    xmlns="http://www.loc.gov/MARC21/slim">

  <leader>03346    a2200205   4500</leader>
  <controlfield tag="001">54530</controlfield>
  <controlfield tag="005">20260407155818.0</controlfield>
  <controlfield tag="008">260407a1964    arg                 spa d</controlfield>
  <controlfield tag="003">AR-UNSa-BCEJYS</controlfield>
  <datafield tag="040" ind1=" " ind2=" ">
    <subfield code="a">AR-UNSa-BCEJYS</subfield>
    <subfield code="b">spa</subfield>
    <subfield code="c">AR-UNSa-BCEJYS</subfield>
  </datafield>
  <datafield tag="080" ind1=" " ind2=" ">
    <subfield code="a">336.225</subfield>
    <subfield code="x">M&#xE9;todo de tributaci&#xF3;n y administraci&#xF3;n de impuestos </subfield>
  </datafield>
  <datafield tag="245" ind1="1" ind2="0">
    <subfield code="a">Ensayos sobre econom&#xED;a impositiva</subfield>
  </datafield>
  <datafield tag="264" ind1=" " ind2="1">
    <subfield code="a">Buenos Aires :</subfield>
    <subfield code="b">Fondo de Cultura Econ&#xF3;mica</subfield>
    <subfield code="c">1964</subfield>
  </datafield>
  <datafield tag="300" ind1=" " ind2=" ">
    <subfield code="a">643 p.</subfield>
    <subfield code="c">21 cm.</subfield>
  </datafield>
  <datafield tag="505" ind1=" " ind2=" ">
    <subfield code="a">1. La utilidad del ingreso y la imposici&#xF3;n progresiva, por S. J. Chapman - 2. A. C. Pigou: un estudio de finanzas p&#xFA;blicas, por Allyn A. Young - 3. Teor&#xED;as recientes y contempor&#xE1;neas de la imposici&#xF3;n progresiva, por Elmer D. Fagan - 4. El concepto de ingreso: aspectos econ&#xF3;micos y legales, por Robert Murray Haig - 5. El promedio del ingreso para prop&#xF3;sitos del impuesto al ingreso, por William Vickrey - 6. Federalismo y equidad fiscal, por J. M. Buchanan - 7. Los aspectos del bienestar de los impuestos al consumo, por Earl R. Rolph y George F. Break - 8. Impuestos directos vs. impuestos indirectos, por I. M. D. Little - 9. La teor&#xED;a de los impuestos incipientes, por C. F. Bickerdike - 10. El bienestar general en relaci&#xF3;n con problemas impositivos y de las tasas de utilidad ferroviarias, por Harold Hotelling - 11. Actas de la Royal Commision on Local Taxation, 1899, por Edwin Cannan - 12. Introducci&#xF3;n a la traslaci&#xF3;n e incidencia de los impuestos, por E. R. A. Seligman - 13. La terminolog&#xED;a del an&#xE1;lisis impositivo, por Ursula K. Hicks - 14. Sobre los principios que regulan la incidencia de los impuestos, por Fleeming Jenkin - 15. Del monopolio y de la inflaci&#xF3;n de los impuestos sobre art&#xED;culos producidos bajo el mismo, por Augustin Cournot - 16. La imposici&#xF3;n en el caso del monopolio, por Knut Wicksell - 17. La teor&#xED;a pura de la imposici&#xF3;n, por F. Y. Edgeworth - 18. El comit&#xE9; Colwyn, el impuesto al ingreso y el nivel de precios, por D. H. Robertson - 19. El control fiscal del monopolio, por Benjamin Higgins - 20. Incidencia del impuesto sobre la renta de las empresas: estructura del capital y tasas de rotaci&#xF3;n, por Carl Shoup - 21. La incidencia de un impuesto general sobre las ventas o sobre la producci&#xF3;n, por Harry Gunnison Brown - 22. La competencia monop&#xF3;lica y la incidencia de los impuestos especiales sobre las ventas, por John F. Due - 23. Impuestos sobre los valores de los terrenos, por C. F. Bickerdike - 24. Capitalizaci&#xF3;n y amortizaci&#xF3;n de los impuestos, por Luigi Einaudi - 25. La carga sobre el ingreso de los impuestos al capital, por Nicholas Kaldor - 26. La incidencia de un impuesto sobre la propiedad ra&#xED;z urbana, por Herbert A. Simon - 27. Sobre algunos teoremas fundamentales de la teor&#xED;a matem&#xE1;tica de la imposici&#xF3;n, por Enrico Barone - 28. La transformaci&#xF3;n de los impuestos, por Otto von Mering - 29. El impuesto sobre la renta y la oferta de trabajo, por Richard Goode - 30. El impuesto y los incentivos para la movilizaci&#xF3;n, por Gershon Cooper - 31. El impuesto proporcional al ingreso y la asunci&#xF3;n del riesgo, por Evsey D. Domar y Richard A. Musgrave - 32. Los impuestos al ingreso de empresas y los incentivos a la inversi&#xF3;n, por E. Cary Brown</subfield>
  </datafield>
  <datafield tag="942" ind1=" " ind2=" ">
    <subfield code="c">BK</subfield>
  </datafield>
  <datafield tag="590" ind1=" " ind2=" ">
    <subfield code="a">niveau_biblio:m niveau_hierar:0</subfield>
  </datafield>
  <datafield tag="100" ind1="1" ind2=" ">
    <subfield code="a">Musgrave, Richard A.</subfield>
  </datafield>
  <datafield tag="700" ind1="1" ind2=" ">
    <subfield code="a">Shoup, Carl S.</subfield>
  </datafield>
  <datafield tag="999" ind1=" " ind2=" ">
    <subfield code="c">5610</subfield>
    <subfield code="d">5610</subfield>
  </datafield>
  <datafield tag="952" ind1=" " ind2=" ">
    <subfield code="0">0</subfield>
    <subfield code="1">0</subfield>
    <subfield code="4">0</subfield>
    <subfield code="7">0</subfield>
    <subfield code="a">BCEJYS</subfield>
    <subfield code="b">BCEJYS</subfield>
    <subfield code="c">16</subfield>
    <subfield code="d">2026-04-07</subfield>
    <subfield code="l">0</subfield>
    <subfield code="o">336.225 M987</subfield>
    <subfield code="p">L24432</subfield>
    <subfield code="r">2026-04-07 15:58:18</subfield>
    <subfield code="w">2026-04-07</subfield>
    <subfield code="y">L</subfield>
  </datafield>
  <datafield tag="952" ind1=" " ind2=" ">
    <subfield code="0">0</subfield>
    <subfield code="1">0</subfield>
    <subfield code="4">0</subfield>
    <subfield code="7">0</subfield>
    <subfield code="a">BCEJYS</subfield>
    <subfield code="b">BCEJYS</subfield>
    <subfield code="c">16</subfield>
    <subfield code="d">2026-04-07</subfield>
    <subfield code="l">0</subfield>
    <subfield code="o">336.225 M987</subfield>
    <subfield code="p">L24431</subfield>
    <subfield code="r">2026-04-07 15:58:18</subfield>
    <subfield code="w">2026-04-07</subfield>
    <subfield code="y">L</subfield>
  </datafield>
  <datafield tag="952" ind1=" " ind2=" ">
    <subfield code="0">0</subfield>
    <subfield code="1">0</subfield>
    <subfield code="4">0</subfield>
    <subfield code="7">0</subfield>
    <subfield code="a">BCEJYS</subfield>
    <subfield code="b">BCEJYS</subfield>
    <subfield code="c">16</subfield>
    <subfield code="d">2026-04-07</subfield>
    <subfield code="l">0</subfield>
    <subfield code="o">336.225 M987</subfield>
    <subfield code="p">L22734</subfield>
    <subfield code="r">2026-04-07 15:58:18</subfield>
    <subfield code="w">2026-04-07</subfield>
    <subfield code="y">L</subfield>
  </datafield>
  <datafield tag="952" ind1=" " ind2=" ">
    <subfield code="0">0</subfield>
    <subfield code="1">0</subfield>
    <subfield code="4">0</subfield>
    <subfield code="7">0</subfield>
    <subfield code="a">BCEJYS</subfield>
    <subfield code="b">BCEJYS</subfield>
    <subfield code="c">16</subfield>
    <subfield code="d">2026-04-07</subfield>
    <subfield code="l">0</subfield>
    <subfield code="o">336.225 M987</subfield>
    <subfield code="p">L22735</subfield>
    <subfield code="r">2026-04-07 15:58:18</subfield>
    <subfield code="w">2026-04-07</subfield>
    <subfield code="y">L</subfield>
  </datafield>
</record>
